<?xml version="1.0" encoding="UTF-8"?>
<collection xmlns="http://www.loc.gov/MARC21/slim">
 <record>
  <leader>01011nab a2200193 i 4500</leader>
  <controlfield tag="001">misc10015</controlfield>
  <controlfield tag="005">20191106143331.0</controlfield>
  <controlfield tag="008">170607s1920    hu      o     0||   hun d</controlfield>
  <datafield tag="022" ind1=" " ind2=" ">
   <subfield code="a">0025-0260</subfield>
  </datafield>
  <datafield tag="040" ind1=" " ind2=" ">
   <subfield code="a">SZTE Miscellanea Repozitórium</subfield>
   <subfield code="b">hun</subfield>
  </datafield>
  <datafield tag="041" ind1=" " ind2=" ">
   <subfield code="a">hun</subfield>
  </datafield>
  <datafield tag="100" ind1="1" ind2=" ">
   <subfield code="a">Benisch Arthur</subfield>
  </datafield>
  <datafield tag="245" ind1="1" ind2="0">
   <subfield code="a">Jancsó Benedek</subfield>
   <subfield code="h">[elektronikus dokumentum] :</subfield>
   <subfield code="b">Defensio Nationis Hungaricae. Felebbezés [fellebbezés!] az emberiség elfogulatlanul gondolkozó tudományos közvéleményének ítélőszékéhez. Kiadja Magyarország Területi Épségének Védelmi Ligája. Budapest, 1920. Pfeifer Ferdinánd bizománya. 228 lap. /</subfield>
   <subfield code="c"> Benisch Arthur</subfield>
  </datafield>
  <datafield tag="260" ind1=" " ind2=" ">
   <subfield code="c">1920</subfield>
  </datafield>
  <datafield tag="300" ind1=" " ind2=" ">
   <subfield code="a">76-81</subfield>
  </datafield>
  <datafield tag="490" ind1="0" ind2=" ">
   <subfield code="a">Magyar pedagógia : a Magyar Tudományos Akadémia Pedagógiai Bizottságának folyóirata</subfield>
   <subfield code="v">29</subfield>
  </datafield>
  <datafield tag="695" ind1=" " ind2=" ">
   <subfield code="a">Nemzetiségi kérdés Magyarország, Kisebbségek magyar, Területi integritás, Védelmi Liga</subfield>
  </datafield>
  <datafield tag="700" ind1="0" ind2="1">
   <subfield code="a">Jancsó Benedek</subfield>
   <subfield code="e">aut</subfield>
  </datafield>
  <datafield tag="856" ind1="4" ind2="0">
   <subfield code="u">http://misc.bibl.u-szeged.hu/10015/1/mp_1920_2732_076-081.pdf</subfield>
   <subfield code="z">Dokumentum-elérés </subfield>
  </datafield>
 </record>
</collection>
